LIBRARY & INFORMATION CENTRE, KCAET, TAVANUR

ONLINE PUBLIC ACCESS CATALOGUE (OPAC)

Basic engineering thermodynamics (Record no. 13589)

MARC details
000 -LEADER
fixed length control field 00253cam a2200097ua 4500
100 ## - MAIN ENTRY--AUTHOR NAME
Personal name Zemansky, .
245 ## - TITLE STATEMENT
Title Basic engineering thermodynamics
250 ## - EDITION STATEMENT
Edition statement 2.
260 ## - PUBLICATION, DISTRIBUTION, ETC. (IMPRINT)
Name of publisher MMc
Place of publication S
Name of publisher McGraw Hill Book Company
Place of publication S
-- New York
300 ## - PHYSICAL DESCRIPTION
Number of Pages 492.

No items available.

free website counter